[Event "Zonal 3.3 Online"]
[Site "Tornelo INT"]
[Date "2021.05.08"]
[Round "8"]
[White "Roque, Merben"]
[Black "Megaranto, Susanto"]
[Result "1/2-1/2"]
[WhiteElo "2330"]
[BlackElo "2550"]
[PlyCount "176"]
[EventDate "2021.05.01"]
[EventType "swiss"]
[EventRounds "9"]
[EventCountry "PHI"]
[SourceTitle "CBM 202 Extra"]
[Source "ChessBase"]
[SourceDate "2021.07.31"]
[SourceVersion "1"]
[SourceVersionDate "2021.07.31"]
[SourceQuality "1"]

1. d4 Nf6 2. Bf4 c5 3. e3 cxd4 4. exd4 d5 5. c3 Nc6 6. Bd3 Bg4 7. Qb3 Qd7 8. Nd2 e6 9. h3 Bh5 10. Ngf3 Bxf3 11. Nxf3 Bd6 12. Bxd6 Qxd6 13. 0-0 Qc7 14. Rfe1 0-0 15. Ne5 Nxe5 16. Rxe5 b5 17. a4 bxa4 18. Rxa4 Rfb8 19. Qc2 Rb6 20. Re1 Rab8 21. Ra2 g6 22. g3 Kg7 23. Rea1 a5 24. Qc1 h5 25. Rxa5 Rxb2 26. Rc5 Qd6 27. Ra7 R8b7 28. Rxb7 Rxb7 29. Qg5 Rb8 30. Kg2 Nd7 31. Ra5 Qc7 32. Ra3 Nf6 33. Qe3 Rb6 34. Be2 Rc6 35. Bb5 Rb6 36. Be2 Qb8 37. Bd3 Rc6 38. Qg5 Nh7 39. Qe7 Qc7 40. Qxc7 Rxc7 41. Kf1 Rb7 42. Ra2 Rb3 43. Rc2 Rb1+ 44. Kg2 Nf6 45. h4 Ne8 46. Kf3 Nd6 47. Ke2 Kf6 48. Ra2 Rb7 49. Kd2 g5 50. hxg5+ Kxg5 51. Ke3 Rb3 52. Rc2 Ra3 53. Rc1 f6 54. Rc2 f5 55. Rc1 Ne8 56. Rc2 Nf6 57. f3 Ne8 58. Rc1 Nd6 59. Rc2 Rb3 60. Rc1 Nc8 61. Kd2 Rb2+ 62. Ke3 Ne7 63. f4+ Kg6 64. c4 dxc4 65. Bxc4 Rb6 66. Rh1 Ng8 67. Ra1 Nf6 68. Ra6 Rxa6 69. Bxa6 Kf7 70. Be2 Nd5+ 71. Kf2 Nf6 72. Bf3 Ke7 73. Ke3 Kd6 74. Kd3 Ng4 75. Ke2 Kc7 76. d5 exd5 77. Bxd5 Kd6 78. Bf7 Nf6 79. Bg6 Ke6 80. Kf3 h4 81. gxh4 Nd5 82. h5 Kf6 83. Bxf5 Kxf5 84. h6 Kg6 85. h7 Kxh7 86. f5 Kg7 87. f6+ Kf7 88. Ke4 Nxf6+ 1/2-1/2

[Event "Zonal 3.3 Online"]
[Site "Tornelo INT"]
[Date "2021.05.07"]
[Round "7"]
[White "Velarde, Jerish John"]
[Black "Roque, Merben"]
[Result "0-1"]
[WhiteElo "1896"]
[BlackElo "2330"]
[PlyCount "100"]
[EventDate "2021.05.01"]
[EventType "swiss"]
[EventRounds "9"]
[EventCountry "PHI"]
[SourceTitle "CBM 202 Extra"]
[Source "ChessBase"]
[SourceDate "2021.07.31"]
[SourceVersion "1"]
[SourceVersionDate "2021.07.31"]
[SourceQuality "1"]

1. e4 e5 2. Bc4 Nf6 3. Qe2 Nc6 4. Nf3 Be7 5. 0-0 0-0 6. d4 d6 7. dxe5 dxe5 8. Rd1 Qe8 9. h3 a6 10. Nc3 Nd4 11. Nxd4 exd4 12. Rxd4 b5 13. e5 bxc4 14. exf6 Bxf6 15. Re4 Be6 16. Bf4 Qc6 17. Be5 Bxe5 18. Rxe5 Rab8 19. f4 Qb6+ 20. Re3 Qd4 21. Qf2 Rxb2 22. Rd1 Qa7 23. Rd2 c6 24. Kh2 h6 25. Qe2 Qc7 26. Re5 Rbb8 27. Qe3 Rbd8 28. Re2 Bd5 29. g3 Qd6 30. Qa7 Qb4 31. R5e3 Qb2 32. Qc5 Qc1 33. Nxd5 cxd5 34. Qd4 Qb1 35. c3 Rd6 36. Re5 Rfd8 37. Re7 Qb6 38. Qe5 Re6 39. Rxe6 Qxe6 40. Qxe6 fxe6 41. Rxe6 Kf7 42. Re5 d4 43. cxd4 Rc8 44. Kg2 c3 45. Re1 c2 46. Rc1 Ke6 47. Kf3 Kd5 48. Ke3 Rc3+ 49. Kd2 Kxd4 50. g4 Rxh3 0-1

[Event "Zonal 3.3 Online"]
[Site "Tornelo INT"]
[Date "2021.05.06"]
[Round "6"]
[White "Roque, Merben"]
[Black "Tin, Jingyao"]
[Result "0-1"]
[WhiteElo "2330"]
[BlackElo "2482"]
[PlyCount "82"]
[EventDate "2021.05.01"]
[EventType "swiss"]
[EventRounds "9"]
[EventCountry "PHI"]
[SourceTitle "CBM 202 Extra"]
[Source "ChessBase"]
[SourceDate "2021.07.31"]
[SourceVersion "1"]
[SourceVersionDate "2021.07.31"]
[SourceQuality "1"]

1. d4 Nf6 2. Bf4 d5 3. e3 c5 4. Nf3 Nc6 5. c3 Qb6 6. Qc2 g6 7. Nbd2 Bg7 8. h3 0-0 9. Be2 Bf5 10. Qb3 c4 11. Qa3 Rfc8 12. b3 Bf8 13. Qb2 Nb4 14. 0-0 Bd3 15. Rae1 Nc2 16. Bxd3 Nxe1 17. Nxe1 cxd3 18. Nxd3 Qb5 19. Qc2 Nd7 20. Rc1 Bg7 21. c4 dxc4 22. bxc4 Qa6 23. Nb4 Qa3 24. Nd5 e6 25. Nc3 e5 26. Bh2 exd4 27. exd4 Bxd4 28. Nb5 Qb2 29. Nc7 Rab8 30. Nd5 Re8 31. Nf3 Qxc2 32. Rxc2 Rbc8 33. g4 Bg7 34. Nc7 Re4 35. Rd2 Ne5 36. Bxe5 Bxe5 37. Nxe5 Rxc7 38. Nd7 Kg7 39. g5 h6 40. Nf6 Re1+ 41. Kg2 hxg5 0-1

[Event "Zonal 3.3 Online"]
[Site "Tornelo INT"]
[Date "2021.05.05"]
[Round "5"]
[White "Poh, Yu Tian"]
[Black "Roque, Merben"]
[Result "0-1"]
[WhiteElo "2081"]
[BlackElo "2330"]
[PlyCount "262"]
[EventDate "2021.05.01"]
[EventType "swiss"]
[EventRounds "9"]
[EventCountry "PHI"]
[SourceTitle "CBM 202 Extra"]
[Source "ChessBase"]
[SourceDate "2021.07.31"]
[SourceVersion "1"]
[SourceVersionDate "2021.07.31"]
[SourceQuality "1"]

1. e4 Nf6 2. e5 Nd5 3. d4 d6 4. Nf3 g6 5. Bc4 Nb6 6. Bb3 Bg7 7. Qe2 0-0 8. h3 Nc6 9. Nc3 d5 10. 0-0 Na5 11. Bf4 h6 12. Nd1 g5 13. Bh2 Bf5 14. Ne3 Bg6 15. Nd2 f5 16. exf6 exf6 17. f4 Qd7 18. f5 Bf7 19. c3 Rfe8 20. Qf2 Re7 21. Nf3 Rae8 22. Ne5 Qb5 23. Bd1 Rd8 24. Ng6 Red7 25. a4 Qd3 26. Bc2 Qa6 27. Rfb1 Nbc4 28. Nf1 Nd6 29. Ng3 b6 30. Re1 Qb7 31. Re2 Re8 32. Rae1 Rdd8 33. Rxe8+ Rxe8 34. Rxe8+ Nxe8 35. Nh5 Bf8 36. Nxf8 Kxf8 37. Qe2 Qc6 38. Ng3 Nc4 39. Bd1 Ng7 40. Qf2 Nd6 41. Bc2 Qc4 42. Nf1 Nge8 43. Qe3 Qa2 44. Qc1 Nc4 45. b3 Ncd6 46. Nd2 Ne4 47. Nxe4 dxe4 48. c4 e3 49. Kf1 a6 50. Qb1 Qa3 51. Ke2 b5 52. axb5 axb5 53. cxb5 Qa5 54. Kxe3 Qxb5 55. Qd1 Qb7 56. Qf3 Bd5 57. Qh5 Bxg2 58. Qxh6+ Ke7 59. Qh5 Bd5 60. Qd1 Kf8 61. Bg3 Qb4 62. Qe1 Qe7+ 63. Kd2 Qf7 64. Qe3 Qh5 65. Bd1 Qf7 66. Qc3 Kg7 67. Bc2 c6 68. Kc1 Qh5 69. Qe3 Qxh3 70. Qxe8 Qxg3 71. Qg6+ Kf8 72. Qxf6+ Ke8 73. Qe5+ Qxe5 74. dxe5 g4 75. Kd2 g3 76. Ke3 c5 77. Bd1 Ke7 78. Bc2 Kf7 79. Ke2 Ke7 80. Kf1 Kd7 81. Bd1 Ke7 82. Kg1 Kd7 83. Bg4 Ke7 84. Bd1 Kd7 85. Bc2 Ke7 86. Kf1 Kf7 87. Bd3 Bxb3 88. Be4 Kf8 89. Bf3 c4 90. Bd5 Ba2 91. Be4 c3 92. Ke2 Bc4+ 93. Ke3 Kg7 94. Bc2 Bd5 95. Ke2 Kh6 96. Ke3 Kg5 97. e6 Kf6 98. Bd3 Bc6 99. Bc2 Ke5 100. e7 Kf6 101. e8Q Bxe8 102. Kf3 Bd7 103. Kxg3 Bxf5 104. Ba4 Ke5 105. Kf2 Kd4 106. Ke1 Bg4 107. Bc2 Kc4 108. Kf2 Kd4 109. Ke1 Bf3 110. Bg6 Be4 111. Be8 Bc2 112. Ke2 Kc4 113. Bf7+ Kb4 114. Ke1 Ka3 115. Bh5 Kb2 116. Bg4 Bd3 117. Bd1 Bc4 118. Ba4 Bb3 119. Bxb3 Kxb3 120. Kd1 Kb2 121. Ke2 c2 122. Ke3 c1Q+ 123. Ke4 Qc5 124. Kf4 Qd5 125. Kg4 Qe5 126. Kh4 Qg7 127. Kh5 Kc3 128. Kh4 Kd4 129. Kh5 Ke5 130. Kh4 Kf4 131. Kh5 Qg5# 0-1

[Event "Zonal 3.3 Online"]
[Site "Tornelo INT"]
[Date "2021.05.03"]
[Round "3"]
[White "Marticio, Jeremy"]
[Black "Roque, Merben"]
[Result "1/2-1/2"]
[WhiteElo "1695"]
[BlackElo "2330"]
[PlyCount "140"]
[EventDate "2021.05.01"]
[EventType "swiss"]
[EventRounds "9"]
[EventCountry "PHI"]
[SourceTitle "CBM 202 Extra"]
[Source "ChessBase"]
[SourceDate "2021.07.31"]
[SourceVersion "1"]
[SourceVersionDate "2021.07.31"]
[SourceQuality "1"]

1. e4 e5 2. Nf3 Nc6 3. Bb5 Nf6 4. 0-0 Nxe4 5. Re1 Nd6 6. Bxc6 dxc6 7. Nxe5 Be7 8. d4 0-0 9. c3 Re8 10. Bf4 Bg5 11. Bg3 f6 12. Nf3 Bh6 13. Qb3+ Kh8 14. Nbd2 b6 15. Nc4 Ne4 16. Nce5 fxe5 17. Rxe4 Be6 18. Qd1 exd4 19. Nxd4 Bf7 20. Rxe8+ Bxe8 21. Qf3 Qd5 22. Qxd5 cxd5 23. Bxc7 Kg8 24. f4 Rc8 25. Re1 Rxc7 26. Rxe8+ Kf7 27. Re1 g6 28. Kf2 Rd7 29. Kf3 Bg7 30. Nc6 Kf8 31. Re2 Bf6 32. g4 Rc7 33. Nb4 Rd7 34. g5 Be7 35. Nc6 Bd6 36. Kg4 Rf7 37. Rf2 Rc7 38. Nd4 Re7 39. f5 Re4+ 40. Kh3 Re3+ 41. Kg2 Kg7 42. f6+ Kf7 43. Re2 Bf4 44. Rxe3 Bxe3 45. h4 Bc1 46. b3 h6 47. Nf3 hxg5 48. hxg5 Bb2 49. Ne5+ Ke6 50. Nxg6 Bc1 51. Kf3 Bxg5 52. Nf4+ Bxf4 53. Kxf4 Kxf6 54. Ke3 Ke5 55. Kd3 Ke6 56. Kd4 Kd6 57. a4 Ke6 58. b4 Kd6 59. b5 Ke6 60. c4 dxc4 61. Kxc4 Ke5 62. Kb4 Kd4 63. Kb3 Kd3 64. Kb4 Kd4 65. Kb3 Kd3 66. Kb4 Kc2 67. Kc4 Kb2 68. Kb4 Kc2 69. Kc4 Kb2 70. Kb4 Kc2 1/2-1/2

[Event "Zonal 3.3 Online"]
[Site "Tornelo INT"]
[Date "2021.05.02"]
[Round "2"]
[White "Roque, Merben"]
[Black "Tarigan, Gilbert Elroy"]
[Result "1/2-1/2"]
[WhiteElo "2330"]
[BlackElo "2149"]
[PlyCount "113"]
[EventDate "2021.05.01"]
[EventType "swiss"]
[EventRounds "9"]
[EventCountry "PHI"]
[SourceTitle "CBM 202 Extra"]
[Source "ChessBase"]
[SourceDate "2021.07.31"]
[SourceVersion "1"]
[SourceVersionDate "2021.07.31"]
[SourceQuality "1"]

1. d4 Nf6 2. Nf3 b6 3. e3 Bb7 4. Bd3 g6 5. 0-0 Bg7 6. b3 0-0 7. Bb2 d6 8. Nbd2 Nbd7 9. c4 e6 10. Qc2 Qe7 11. Rfe1 e5 12. d5 Nh5 13. e4 Nf4 14. Bf1 Rae8 15. g3 Nh5 16. Nh4 Bc8 17. Ndf3 Qd8 18. b4 Bh6 19. Bc1 Bxc1 20. Raxc1 Ng7 21. Qd2 Qe7 22. Bh3 f6 23. Rc3 Nb8 24. Bxc8 Rxc8 25. Rec1 Nd7 26. Qe3 Ra8 27. Ne1 a5 28. a3 f5 29. exf5 Nxf5 30. Nxf5 Rxf5 31. f3 Qf7 32. Kg2 Nf6 33. Qe2 h5 34. Nd3 axb4 35. axb4 g5 36. g4 hxg4 37. fxg4 Rf4 38. Nxf4 gxf4 39. g5 Qg6 40. Kh1 Qe4+ 41. Qf3 Ng4 42. h3 Nf2+ 43. Kh2 Qxf3 44. Rxf3 Ra2 45. Kg1 Ne4 46. h4 Re2 47. Ra1 Kg7 48. Rh3 Rc2 49. Re1 Rxc4 50. Rxe4 Rxe4 51. h5 Rxb4 52. Rc3 f3 53. Rxc7+ Kg8 54. Rc8+ Kg7 55. Rc7+ Kg8 56. Rc8+ Kg7 57. Rc7+ 1/2-1/2

[Event "Bacolod Negros op"]
[Site "Bacolod"]
[Date "2017.10.17"]
[Round "7"]
[White "Roque, Merben"]
[Black "Dimakiling, Oliver"]
[Result "1-0"]
[WhiteElo "2309"]
[BlackElo "2419"]
[PlyCount "104"]
[EventDate "2017.10.11"]
[EventType "swiss"]
[EventRounds "9"]
[EventCountry "PHI"]
[SourceTitle "CBM 181 Extra"]
[Source "ChessBase"]
[SourceDate "2017.12.12"]
[SourceVersion "1"]
[SourceVersionDate "2017.12.12"]
[SourceQuality "1"]

1. Nf3 Nf6 2. g3 d5 3. Bg2 c6 4. 0-0 Bf5 5. d4 h6 6. Nfd2 Nbd7 7. c4 e6 8. Nc3 Bb4 9. Qb3 Qb6 10. a3 Be7 11. Qxb6 Nxb6 12. c5 Nbd7 13. b4 e5 14. dxe5 Nxe5 15. e4 dxe4 16. Ndxe4 Nd3 17. Be3 0-0-0 18. h3 Rhe8 19. g4 Bg6 20. Rad1 Nb2 21. Rxd8+ Rxd8 22. Bf4 Nc4 23. a4 Rd4 24. Re1 Kd7 25. Bb8 a6 26. f4 Bxe4 27. Bxe4 g6 28. Bg2 a5 29. bxa5 Bxc5 30. Kh1 Rd3 31. Rc1 Nxa5 32. Be5 Ne8 33. Bf1 Re3 34. Nd5 Nb3 35. Rxc5 Re1 36. Nb6+ Ke7 37. Rc3 Rxf1+ 38. Kg2 Rb1 39. Re3 Nc1 40. Bc7+ Kf8 41. Nd7+ Kg7 42. Rxe8 Nd3 43. Be5+ Nxe5 44. fxe5 Rb2+ 45. Kf1 Rb1+ 46. Ke2 Rb2+ 47. Kd3 Rg2 48. Ke4 h5 49. Kf3 Rd2 50. Nf6 g5 51. Rg8+ Kh6 52. Rxg5 Rd4 1-0

[Event "Bacolod Negros op"]
[Site "Bacolod"]
[Date "2017.10.16"]
[Round "5"]
[White "Verdun, Xavier John"]
[Black "Roque, Merben"]
[Result "0-1"]
[WhiteElo "2147"]
[BlackElo "2309"]
[PlyCount "146"]
[EventDate "2017.10.11"]
[EventType "swiss"]
[EventRounds "9"]
[EventCountry "PHI"]
[SourceTitle "CBM 181 Extra"]
[Source "ChessBase"]
[SourceDate "2017.12.12"]
[SourceVersion "1"]
[SourceVersionDate "2017.12.12"]
[SourceQuality "1"]

1. e4 Nf6 2. e5 Nd5 3. d4 d6 4. f4 dxe5 5. fxe5 c5 6. c3 Nc6 7. Nf3 cxd4 8. cxd4 Bg4 9. Bc4 e6 10. 0-0 Rc8 11. Bxd5 Qxd5 12. Be3 Be7 13. Nc3 Qd7 14. Kh1 0-0 15. h3 Bh5 16. Ne2 Nb4 17. Bd2 Nd5 18. Qb3 Rc6 19. Qa4 a6 20. Qd1 Rfc8 21. Nc3 Nb4 22. Be3 Bg6 23. Ne1 Nd5 24. Bd2 Rc4 25. Nxd5 Qxd5 26. Be3 Be4 27. Qg4 Bb4 28. Rf2 Bf5 29. Qf4 Qe4 30. Qxe4 Bxe4 31. a3 Be7 32. Kh2 f5 33. Rd1 Kf7 34. Nf3 Rc2 35. Rdd2 Rxd2 36. Nxd2 Bd5 37. Nb1 b5 38. Nc3 Bb7 39. Na2 g5 40. Kg1 Kg6 41. Bd2 f4 42. Bc3 Bd5 43. Nb4 Bxb4 44. Bxb4 Rc4 45. Bc3 Kf5 46. Rd2 h5 47. Kf2 h4 48. Rd1 Rc8 49. Rd2 Rg8 50. Bb4 g4 51. Be7 g3+ 52. Kf1 Rg7 53. Bd8 Rd7 54. Bb6 Rb7 55. Ba5 Ke4 56. Bc3 Bc4+ 57. Kg1 Rf7 58. Rd1 Ke3 59. Re1+ Be2 60. Bb4 Rd7 61. Bc5 Kd2 62. Bb4+ Kd3 63. Bd6 a5 64. Bc5 Kd2 65. Ra1 a4 66. Bb4+ Kd3 67. Bc3 Rc7 68. Re1 f3 69. gxf3 Bxf3 70. Rf1 Bd5 71. Rf8 b4 72. Bxb4 Rc2 73. Be7 Rh2 0-1

[Event "Quezon City Puregold op"]
[Site "Quezon City"]
[Date "2014.12.18"]
[Round "7"]
[White "Roque, Merben"]
[Black "Salcedo, Richilieu"]
[Result "1/2-1/2"]
[WhiteElo "2271"]
[BlackElo "2257"]
[PlyCount "94"]
[EventDate "2014.12.14"]
[EventType "swiss"]
[EventRounds "9"]
[EventCountry "PHI"]
[SourceTitle "EXT 2016"]
[Source "ChessBase"]
[SourceDate "2015.10.08"]
[SourceVersion "1"]
[SourceVersionDate "2015.10.08"]
[SourceQuality "1"]

1. e4 d6 2. d4 Nf6 3. Nc3 c6 4. f4 Qa5 5. e5 Ne4 6. Bd3 Nxc3 7. Qd2 d5 8. Ne2 e6 9. Nxc3 c5 10. Nb5 Qb6 11. dxc5 Bxc5 12. b4 Be7 13. a4 Nc6 14. a5 Qd8 15. c3 a6 16. Nd4 Bd7 17. 0-0 g6 18. Qf2 Nxd4 19. Qxd4 Qc7 20. f5 gxf5 21. Bxf5 Bb5 22. Bd3 Bxd3 23. Qxd3 Qxe5 24. Bf4 Qe4 25. Qd2 Bh4 26. g3 Bf6 27. Rae1 Qc4 28. Be5 Bxe5 29. Rxe5 Rc8 30. Qh6 Rc6 31. Rf4 Qd3 32. Qf6 Rf8 33. Rd4 Qg6 34. Qf3 Ke7 35. Qxd5 Rfc8 36. Re3 Kf8 37. Qb3 Qg7 38. Rdd3 Qg5 39. Qd1 R6c7 40. Qf3 Ke8 41. Qe4 h6 42. Qd4 Kf8 43. h4 Qg7 44. Qf4 Kg8 45. Qf3 Kh8 46. Kh2 Kh7 47. Rd4 Qg6 1/2-1/2

[Event "Quezon City Puregold op"]
[Site "Quezon City"]
[Date "2014.12.16"]
[Round "4"]
[White "Barbosa, Oliver"]
[Black "Roque, Merben"]
[Result "1-0"]
[WhiteElo "2533"]
[BlackElo "2271"]
[PlyCount "88"]
[EventDate "2014.12.14"]
[EventType "swiss"]
[EventRounds "9"]
[EventCountry "PHI"]
[SourceTitle "EXT 2016"]
[Source "ChessBase"]
[SourceDate "2015.10.08"]
[SourceVersion "1"]
[SourceVersionDate "2015.10.08"]
[SourceQuality "1"]

1. d4 Nf6 2. c4 c6 3. Nf3 d5 4. e3 a6 5. Nc3 b5 6. c5 Bg4 7. h3 Bxf3 8. gxf3 e6 9. Bg2 Nbd7 10. f4 g6 11. b4 Bg7 12. Bd2 0-0 13. a4 Qc7 14. 0-0 Rfb8 15. Qb3 Qb7 16. Rfb1 Ne8 17. Qd1 Nc7 18. Ne2 Qc8 19. Rb3 Nf6 20. Rba3 Kh8 21. R1a2 Ng8 22. Nc1 Ne7 23. Nd3 Kg8 24. Be1 Nf5 25. Ne5 Ne7 26. f3 Kf8 27. Qa1 Ke8 28. Bh4 f6 29. Nd3 Nf5 30. Bf2 Ne7 31. h4 Nf5 32. Bh3 Kf7 33. Kh2 Qb7 34. e4 Ne7 35. axb5 Nxb5 36. Rxa6 Rxa6 37. Rxa6 dxe4 38. fxe4 Rd8 39. Qa5 Re8 40. Rb6 Qa8 41. Bxe6+ Kxe6 42. Qxb5 Kf7 43. Qc4+ Kf8 44. f5 Bh6 1-0

[Event "Quezon City Puregold op"]
[Site "Quezon City"]
[Date "2014.12.14"]
[Round "1"]
[White "Mozharov, Mikhail"]
[Black "Roque, Merben"]
[Result "0-1"]
[WhiteElo "2557"]
[BlackElo "2271"]
[PlyCount "76"]
[EventDate "2014.12.14"]
[EventType "swiss"]
[EventRounds "9"]
[EventCountry "PHI"]
[SourceTitle "EXT 2016"]
[Source "ChessBase"]
[SourceDate "2015.10.08"]
[SourceVersion "1"]
[SourceVersionDate "2015.10.08"]
[SourceQuality "1"]

1. d4 Nf6 2. c4 g6 3. Nc3 d5 4. Nf3 Bg7 5. h4 0-0 6. h5 c5 7. hxg6 hxg6 8. Bh6 Bxh6 9. Rxh6 Kg7 10. Rh4 cxd4 11. Qd2 Rh8 12. Rxh8 Kxh8 13. Nxd5 Nc6 14. Nxf6 exf6 15. Rd1 Kg7 16. b3 Be6 17. Nxd4 Nxd4 18. Qxd4 Qa5+ 19. Rd2 Rc8 20. f3 b5 21. c5 b4 22. Rc2 Rd8 23. Qf4 g5 24. Qc1 Qc7 25. Kf2 Qh2 26. c6 g4 27. c7 Rd4 28. e3 Qh4+ 29. Ke2 gxf3+ 30. gxf3 Rd5 31. Qe1 Qh2+ 32. Qf2 Qd6 33. Qh4 Rd1 34. Qe4 f5 35. Qc6 Qd3+ 36. Kf2 Qxf1+ 37. Kg3 Qe1+ 38. Kh3 f4+ 0-1

[Event "Quezon City op"]
[Site "Quezon City"]
[Date "2014.12.10"]
[Round "7"]
[White "Roque, Merben"]
[Black "Bersamina, Paulo"]
[Result "0-1"]
[WhiteElo "2271"]
[BlackElo "2391"]
[PlyCount "65"]
[EventDate "2014.12.06"]
[EventType "swiss"]
[EventRounds "10"]
[EventCountry "PHI"]
[SourceTitle "CBM 163 Extra"]
[Source "ChessBase"]
[SourceDate "2014.12.23"]
[SourceVersion "1"]
[SourceVersionDate "2014.12.23"]
[SourceQuality "1"]

1. e4 e5 2. d4 exd4 3. Qxd4 Nc6 4. Qe3 Nf6 5. e5 Ng4 6. Qe4 d5 7. exd6+ Be6 8. Ba6 Na5 9. Be2 Nf6 10. Qa4+ Nc6 11. dxc7 Qxc7 12. Bf4 Bb4+ 13. Qxb4 Nxb4 14. Bxc7 Nxc2+ 15. Kd2 Nxa1 16. Nc3 0-0 17. Nf3 Rac8 18. Be5 Rfd8+ 19. Nd4 Rc5 20. f4 Rxe5 21. fxe5 Rxd4+ 22. Kc1 Ne4 23. Nxe4 Rxe4 24. Rd1 g6 25. Bf3 Rc4+ 26. Kb1 Nc2 27. Rd8+ Kg7 28. Bxb7 Bf5 29. b3 Rc7 30. Rb8 Nb4+ 31. Kb2 Nd3+ 32. Ka3 Rc5 33. b4 0-1

[Event "Quezon City op"]
[Site "Quezon City"]
[Date "2014.12.09"]
[Round "5"]
[White "Roque, Merben"]
[Black "Grigoryan, Avetik"]
[Result "0-1"]
[WhiteElo "2271"]
[BlackElo "2580"]
[PlyCount "99"]
[EventDate "2014.12.06"]
[EventType "swiss"]
[EventRounds "10"]
[EventCountry "PHI"]
[SourceTitle "CBM 163 Extra"]
[Source "ChessBase"]
[SourceDate "2014.12.23"]
[SourceVersion "1"]
[SourceVersionDate "2014.12.23"]
[SourceQuality "1"]

1. a3 e5 2. e4 Nf6 3. Nc3 d5 4. exd5 Nxd5 5. Qh5 Qd6 6. Nf3 Nxc3 7. dxc3 Nd7 8. Bb5 c6 9. Bc4 Qg6 10. Qxg6 hxg6 11. Be3 f6 12. h3 Bc5 13. Bxc5 Nxc5 14. 0-0-0 Be6 15. Bxe6 Nxe6 16. g3 g5 17. h4 gxh4 18. Nxh4 Rd8 19. Nf5 Rxh1 20. Rxh1 Kf7 21. Rd1 Rxd1+ 22. Kxd1 Nc5 23. Kd2 g6 24. Ne3 f5 25. c4 Ke6 26. f3 f4 27. Nf1 Kf5 28. g4+ Kg5 29. b4 Nd7 30. Kd3 Nf6 31. Nd2 Kh4 32. Ne4 Nxe4 33. Kxe4 Kg3 34. c5 g5 35. c4 a6 36. a4 a5 37. bxa5 Kf2 38. a6 bxa6 39. a5 Ke2 40. Kxe5 Kxf3 41. Kd6 Kxg4 42. Kxc6 f3 43. Kb7 f2 44. c6 f1Q 45. c7 Qf3+ 46. Ka7 Qe3+ 47. Kb7 Qb3+ 48. Kxa6 Qxc4+ 49. Kb6 Qe6+ 50. Kb7 0-1

[Event "Quezon City op"]
[Site "Quezon City"]
[Date "2014.12.07"]
[Round "3"]
[White "Roque, Merben"]
[Black "Bitoon, Richard"]
[Result "1-0"]
[WhiteElo "2271"]
[BlackElo "2413"]
[PlyCount "67"]
[EventDate "2014.12.06"]
[EventType "swiss"]
[EventRounds "10"]
[EventCountry "PHI"]
[SourceTitle "CBM 163 Extra"]
[Source "ChessBase"]
[SourceDate "2014.12.23"]
[SourceVersion "1"]
[SourceVersionDate "2014.12.23"]
[SourceQuality "1"]

1. e4 c5 2. d4 cxd4 3. c3 dxc3 4. Nxc3 e6 5. Nf3 Nc6 6. Bc4 a6 7. 0-0 d6 8. Qe2 Bd7 9. Rd1 Qb8 10. Bf4 Ne5 11. Bxe5 dxe5 12. Bb5 Nf6 13. Bxd7+ Nxd7 14. Rac1 Be7 15. Nb5 Nc5 16. b4 0-0 17. Nc3 Rc8 18. bxc5 Rxc5 19. Na4 Rxc1 20. Rxc1 b5 21. Nc5 Qd6 22. Qd3 Qxd3 23. Nxd3 f6 24. Kf1 a5 25. Ke2 b4 26. Rc7 Kf8 27. Kd1 a4 28. Kc2 Rb8 29. Nc5 b3+ 30. axb3 Bxc5 31. Rxc5 axb3+ 32. Kb2 Rb4 33. Nd2 Rd4 34. Kc3 1-0

[Event "Quezon City op"]
[Site "Quezon City"]
[Date "2014.12.06"]
[Round "1"]
[White "Roque, Merben"]
[Black "Barbosa, Oliver"]
[Result "0-1"]
[WhiteElo "2271"]
[BlackElo "2533"]
[PlyCount "91"]
[EventDate "2014.12.06"]
[EventType "swiss"]
[EventRounds "10"]
[EventCountry "PHI"]
[SourceTitle "CBM 163 Extra"]
[Source "ChessBase"]
[SourceDate "2014.12.23"]
[SourceVersion "1"]
[SourceVersionDate "2014.12.23"]
[SourceQuality "1"]

1. e4 c6 2. d4 d5 3. Nc3 dxe4 4. Nxe4 Nd7 5. Nf3 Ngf6 6. Bd3 Nxe4 7. Bxe4 Nf6 8. Bd3 Bg4 9. c3 e6 10. h3 Bh5 11. 0-0 Bd6 12. Be2 Qc7 13. Nd2 Bg6 14. Nc4 Be7 15. Bg5 0-0 16. Ne5 Nd5 17. Nxg6 hxg6 18. Bxe7 Nxe7 19. Qb3 Rad8 20. Bf3 Rd7 21. Rfe1 Rfd8 22. Re5 b6 23. Rae1 Nd5 24. g3 Nf6 25. Qc4 Rd6 26. a4 Rc8 27. Kg2 c5 28. dxc5 Nd7 29. R5e4 Qxc5 30. Qe2 Nf6 31. Re5 Qc7 32. Qb5 Rcd8 33. a5 Nd7 34. R5e2 Nc5 35. axb6 Rxb6 36. Qc4 Rd7 37. b4 Nd3 38. Qxc7 Nxe1+ 39. Rxe1 Rxc7 40. Re3 Kf8 41. Be2 a6 42. Kf1 Ke7 43. Ke1 Rd7 44. Re4 g5 45. Rc4 a5 46. Re4 0-1

[Event "Ho Chi Minh City HD Bank op 1st"]
[Site "Ho Chi Minh City"]
[Date "2011.01.07"]
[Round "6"]
[White "Roque, Merben"]
[Black "Tong, Thai Hung"]
[Result "1-0"]
[WhiteElo "2291"]
[BlackElo "2084"]
[PlyCount "125"]
[EventDate "2011.01.04"]
[EventType "swiss"]
[EventRounds "9"]
[EventCountry "VIE"]
[SourceTitle "CBM 140 Extra"]
[Source "ChessBase"]
[SourceDate "2011.03.01"]
[SourceVersion "1"]
[SourceVersionDate "2011.03.01"]
[SourceQuality "1"]

1. Nf3 d5 2. g3 Nf6 3. Bg2 c6 4. 0-0 Bf5 5. d3 h6 6. Nc3 e6 7. Nd2 Bh7 8. e4 Be7 9. f4 0-0 10. Kh1 d4 11. Ne2 c5 12. h3 Nc6 13. g4 Rc8 14. Ng3 Qc7 15. a3 b5 16. b3 Na5 17. a4 a6 18. axb5 axb5 19. Nf3 Nc6 20. Qe2 Nd7 21. e5 Nb4 22. f5 Rcd8 23. Bf4 Nd5 24. Bd2 Ra8 25. g5 Rxa1 26. Rxa1 hxg5 27. Nxg5 Bxg5 28. Bxg5 Re8 29. fxe6 fxe6 30. Re1 Nb4 31. Nh5 Bf5 32. Ng3 Bg6 33. Bf4 c4 34. bxc4 bxc4 35. Be4 cxd3 36. cxd3 Bxe4+ 37. Nxe4 Qc2 38. Qxc2 Nxc2 39. Rb1 Ra8 40. Rb7 Nf8 41. Ng5 Ne1 42. Rb3 Nh7 43. Nxe6 Ra1 44. Kh2 g5 45. Bg3 Ra2+ 46. Kh1 Ra1 47. Rb7 Nxd3+ 48. Kg2 Ra4 49. Rg7+ Kh8 50. Rd7 Kg8 51. Kf3 Ra3 52. Kg4 Nf4 53. Nxf4 gxf4 54. Bxf4 d3 55. Bh6 Ra4+ 56. Kf5 Rh4 57. Rd8+ Kf7 58. e6+ Ke7 59. Rd7+ Ke8 60. Rxh7 d2 61. Rh8+ Ke7 62. Bg5+ Kd6 63. Rd8+ 1-0

[Event "Ho Chi Minh City HD Bank op 1st"]
[Site "Ho Chi Minh City"]
[Date "2011.01.04"]
[Round "2"]
[White "Nguyen, Ngoc Truong Son"]
[Black "Roque, Merben"]
[Result "1-0"]
[WhiteElo "2628"]
[BlackElo "2291"]
[PlyCount "59"]
[EventDate "2011.01.04"]
[EventType "swiss"]
[EventRounds "9"]
[EventCountry "VIE"]
[SourceTitle "CBM 140 Extra"]
[Source "ChessBase"]
[SourceDate "2011.03.01"]
[SourceVersion "1"]
[SourceVersionDate "2011.03.01"]
[SourceQuality "1"]

1. d4 Nf6 2. Bf4 d5 3. e3 c5 4. c3 Qb6 5. Qc2 g6 6. Nd2 Bf5 7. dxc5 Qxc5 8. Qb3 Bc8 9. Ngf3 Nc6 10. Ne5 a6 11. Be2 Bg7 12. 0-0 0-0 13. Rfd1 Qa7 14. Ndf3 Nxe5 15. Bxe5 e6 16. c4 dxc4 17. Qc3 Ne4 18. Qxc4 Bxe5 19. Nxe5 Nf6 20. Bf3 b5 21. Qh4 Nd5 22. Nc6 Qc7 23. Rac1 Re8 24. Nb4 Qe7 25. Qxe7 Rxe7 26. Bxd5 exd5 27. Nxd5 Rb7 28. Nc7 Rab8 29. Rd8+ Kg7 30. Ne8+ 1-0

[Event "Ho Chi Minh City HD Bank op 1st"]
[Site "Ho Chi Minh City"]
[Date "2011.01.04"]
[Round "1"]
[White "Roque, Merben"]
[Black "Dao, Thien Hai"]
[Result "1/2-1/2"]
[WhiteElo "2291"]
[BlackElo "2512"]
[PlyCount "66"]
[EventDate "2011.01.04"]
[EventType "swiss"]
[EventRounds "9"]
[EventCountry "VIE"]
[SourceTitle "CBM 140 Extra"]
[Source "ChessBase"]
[SourceDate "2011.03.01"]
[SourceVersion "1"]
[SourceVersionDate "2011.03.01"]
[SourceQuality "1"]

1. a3 d5 2. Nf3 Bg4 3. Ne5 Bf5 4. d4 Nd7 5. Bf4 e6 6. e3 Bd6 7. c4 Bxe5 8. dxe5 dxc4 9. Bxc4 Nb6 10. Be2 Qxd1+ 11. Kxd1 Ne7 12. Nd2 0-0-0 13. Kc1 Bd3 14. Bxd3 Rxd3 15. Kc2 Rhd8 16. Nf3 R3d7 17. Rhd1 h6 18. e4 Nc6 19. h4 Rxd1 20. Rxd1 Rxd1 21. Kxd1 Na4 22. Kc2 Nc5 23. Nd2 Nd4+ 24. Kb1 Nc6 25. Be3 Nd7 26. f4 b6 27. Kc2 a5 28. Nf3 Kd8 29. Kd3 Ke7 30. Kc4 Na7 31. b4 axb4 32. axb4 Nc6 33. Kb5 Ndb8 1/2-1/2